[Event "40th Individual Greek Women's Championship"]
[Site "?"]
[Date "2018.01.05"]
[Round "4.4"]
[White "Markantonaki, Haritomeni"]
[Black "Makka, Ioulia"]
[Result "1-0"]
[BlackElo "2167"]
[WhiteElo "2190"]
[LiveChessVersion "1.4.8"]

1. e4 {[%clk 1:30:56]} e6 {[%clk 1:30:37]} 2. d4 {[%clk 1:31:15]} d5
{[%clk 1:31:03]} 3. Nc3 {[%clk 1:31:26]} Nf6 {[%clk 1:31:19]} 4. e5
{[%clk 1:31:44]} Nfd7 {[%clk 1:31:34]} 5. Nce2 {[%clk 1:31:47]} c5
{[%clk 1:30:03]} 6. c3 {[%clk 1:32:02]} Nc6 {[%clk 1:29:00]} 7. Nf3
{[%clk 1:32:02]} b5 {[%clk 1:09:24]} 8. a3 {[%clk 1:25:13]} Qb6 {[%clk 0:58:06]}
9. Nf4 {[%clk 1:17:24]} cxd4 {[%clk 0:54:10]} 10. cxd4 {[%clk 1:17:08]} b4
{[%clk 0:48:26]} 11. a4 {[%clk 1:07:58]} Be7 {[%clk 0:42:43]} 12. Nh5
{[%clk 1:03:55]} O-O {[%clk 0:28:43]} 13. Be2 {[%clk 0:55:51]} f6
{[%clk 0:23:25]} 14. exf6 {[%clk 0:51:37]} Nxf6 {[%clk 0:23:49]} 15. Ng3
{[%clk 0:51:31]} Ba6 {[%clk 0:20:48]} 16. O-O {[%clk 0:50:28]} Rae8
{[%clk 0:18:48]} 17. Bxa6 {[%clk 0:36:52]} Qxa6 {[%clk 0:19:15]} 18. Re1
{[%clk 0:36:36]} Bd6 {[%clk 0:18:40]} 19. Bg5 {[%clk 0:27:15]} Bxg3
{[%clk 0:14:37]} 20. hxg3 {[%clk 0:27:04]} Ne4 {[%clk 0:14:29]} 21. Bf4
{[%clk 0:23:18]} Qb6 {[%clk 0:13:18]} 22. Qd3 {[%clk 0:20:53]} h6
{[%clk 0:06:14]} 23. Rac1 {[%clk 0:19:20]} Rf7 {[%clk 0:05:08]} 24. Re2
{[%clk 0:17:09]} Rb7 {[%clk 0:04:00]} 25. Rec2 {[%clk 0:16:36]} Nb8
{[%clk 0:01:21]} 26. Ne5 {[%clk 0:15:38]} g5 {[%clk 0:00:37]} 27. Be3
{[%clk 0:14:53]} Rbe7 {[%clk 0:00:37]} 28. f3 {[%clk 0:12:28]} Nxg3
{[%clk 0:00:38]} 29. Qg6+ {[%clk 0:12:30]} Kf8 {[%clk 0:00:36]} 30. Qxh6+
{[%clk 0:11:54]} Rg7 {[%clk 0:01:01]} 31. Qh8+ {[%clk 0:12:03]} Ke7
{[%clk 0:00:32]} 32. Qxg7+ {[%clk 0:12:25]} Kd6 {[%clk 0:00:37]} 33. Rc6+
{[%clk 0:12:39]} 1-0

[Event "40th Individual Greek Women's Championship"]
[Site "?"]
[Date "2018.01.05"]
[Round "4.5"]
[White "Drakaki, Anna-Maria"]
[Black "Georgitsi, Antigoni"]
[Result "1-0"]
[BlackElo "1804"]
[WhiteElo "1900"]
[LiveChessVersion "1.4.8"]

1. d4 {[%clk 1:30:57]} Nf6 {[%clk 1:30:54]} 2. c4 {[%clk 1:31:21]} e6
{[%clk 1:31:20]} 3. Nf3 {[%clk 1:31:47]} Bb4+ {[%clk 1:30:54]} 4. Bd2
{[%clk 1:32:11]} Qe7 {[%clk 1:30:43]} 5. g3 {[%clk 1:32:34]} Bxd2+
{[%clk 1:31:01]} 6. Qxd2 {[%clk 1:32:57]} d6 {[%clk 1:30:37]} 7. Nc3
{[%clk 1:32:28]} O-O {[%clk 1:30:08]} 8. Bg2 {[%clk 1:32:53]} e5 {[%clk 1:29:47]}
9. O-O {[%clk 1:31:06]} Re8 {[%clk 1:28:02]} 10. e4 {[%clk 1:31:24]} a5
{[%clk 1:26:46]} 11. b3 {[%clk 1:28:13]} Bg4 {[%clk 1:21:20]} 12. Ne1
{[%clk 1:27:58]} Nc6 {[%clk 1:11:39]} 13. Nc2 {[%clk 1:25:19]} exd4
{[%clk 1:05:33]} 14. Nxd4 {[%clk 1:25:42]} Nxd4 {[%clk 1:05:52]} 15. Qxd4
{[%clk 1:26:07]} Qe5 {[%clk 1:05:28]} 16. Qd2 {[%clk 1:26:18]} Qc5
{[%clk 0:56:50]} 17. Rfe1 {[%clk 1:17:18]} Bd7 {[%clk 0:51:24]} 18. Rac1
{[%clk 1:10:03]} Ng4 {[%clk 0:48:50]} 19. Nd5 {[%clk 1:01:08]} Ne5
{[%clk 0:41:48]} 20. a3 {[%clk 0:50:23]} Be6 {[%clk 0:35:56]} 21. b4
{[%clk 0:43:49]} axb4 {[%clk 0:36:06]} 22. axb4 {[%clk 0:44:13]} Qc6
{[%clk 0:35:22]} 23. Qd4 {[%clk 0:31:18]} Qd7 {[%clk 0:32:59]} 24. f4
{[%clk 0:27:56]} Nc6 {[%clk 0:32:32]} 25. Qb2 {[%clk 0:23:41]} f6
{[%clk 0:26:08]} 26. b5 {[%clk 0:19:14]} Ne7 {[%clk 0:25:06]} 27. b6
{[%clk 0:15:17]} Bxd5 {[%clk 0:23:57]} 28. cxd5 {[%clk 0:14:08]} c6
{[%clk 0:22:50]} 29. dxc6 {[%clk 0:10:03]} Nxc6 {[%clk 0:22:40]} 30. Red1
{[%clk 0:09:52]} Kh8 31. Rd5 {[%clk 0:04:04]} Ra4 {[%clk 0:17:04]} 32. Qd2
{[%clk 0:03:05]} Nb4 {[%clk 0:11:58]} 33. Rxd6 {[%clk 0:01:58]} Qb5
{[%clk 0:12:22]} 34. Bf1 {[%clk 0:01:25]} Qa5 {[%clk 0:08:58]} 35. Rc8
{[%clk 0:00:48]} Rg8 {[%clk 0:05:56]} 36. Rdd8 {[%clk 0:00:41]} Qxb6+
{[%clk 0:05:39]} 37. Kh1 {[%clk 0:00:54]} Qe6 {[%clk 0:02:53]} 38. Rxg8+
{[%clk 0:01:18]} 1-0

[Event "40th Individual Greek Women's Championship"]
[Site "?"]
[Date "2018.01.06"]
[Round "5.1"]
[White "Georgitsi, Antigoni"]
[Black "Skaraki, Antigoni"]
[Result "1/2-1/2"]
[BlackElo "2013"]
[WhiteElo "1804"]
[LiveChessVersion "1.4.8"]

1. c4 {[%clk 1:30:55]} Nf6 {[%clk 1:30:55]} 2. Nc3 {[%clk 1:31:03]} g6
{[%clk 1:31:21]} 3. e4 {[%clk 1:31:29]} d6 {[%clk 1:31:45]} 4. d4
{[%clk 1:31:41]} Bg7 {[%clk 1:32:07]} 5. f3 {[%clk 1:31:51]} O-O {[%clk 1:32:29]}
6. Be3 {[%clk 1:32:12]} c5 {[%clk 1:32:52]} 7. d5 {[%clk 1:32:30]} e6
{[%clk 1:32:58]} 8. Qd2 {[%clk 1:32:51]} exd5 {[%clk 1:32:47]} 9. cxd5
{[%clk 1:32:55]} Re8 {[%clk 1:32:08]} 10. Be2 {[%clk 1:31:56]} Nbd7
{[%clk 1:26:48]} 11. Nh3 {[%clk 1:30:58]} Ne5 {[%clk 1:17:10]} 12. Nf2
{[%clk 1:31:12]} a6 {[%clk 1:16:01]} 13. a4 {[%clk 1:31:34]} Qa5 {[%clk 1:14:38]}
14. Rb1 {[%clk 1:28:47]} Bd7 {[%clk 1:09:22]} 15. h3 {[%clk 1:25:54]} b5
{[%clk 0:50:54]} 16. axb5 {[%clk 1:24:12]} axb5 {[%clk 0:50:57]} 17. f4
{[%clk 1:22:43]} Nc4 {[%clk 0:45:49]} 18. Bxc4 {[%clk 1:22:36]} bxc4
{[%clk 0:46:19]} 19. O-O {[%clk 1:19:47]} Nh5 {[%clk 0:41:16]} 20. Kh2
{[%clk 1:11:53]} f5 {[%clk 0:30:06]} 21. g4 {[%clk 1:09:44]} Nf6 {[%clk 0:27:46]}
22. gxf5 {[%clk 1:04:55]} gxf5 {[%clk 0:28:08]} 23. Rg1 {[%clk 0:50:58]} fxe4
{[%clk 0:21:40]} 24. Nfxe4 {[%clk 0:48:45]} Rxe4 {[%clk 0:11:18]} 25. Nxe4
{[%clk 0:37:14]} Qxd2+ {[%clk 0:11:45]} 26. Nxd2 {[%clk 0:37:19]} Nxd5
{[%clk 0:12:13]} 27. Nxc4 {[%clk 0:30:48]} Kf8 {[%clk 0:06:27]} 28. Rgd1
{[%clk 0:18:02]} Bc6 {[%clk 0:05:12]} 29. Ra1 {[%clk 0:07:05]} Rxa1
{[%clk 0:03:05]} 30. Rxa1 {[%clk 0:07:32]} Nxe3 {[%clk 0:03:11]} 31. Nxe3
{[%clk 0:08:00]} Bxb2 {[%clk 0:03:28]} 32. Ra6 {[%clk 0:03:43]} Bc1
{[%clk 0:02:29]} 33. Rxc6 {[%clk 0:04:05]} Bxe3 {[%clk 0:02:58]} 34. Kg3
{[%clk 0:03:19]} d5 {[%clk 0:02:04]} 35. Kf3 {[%clk 0:03:12]} Bg1
{[%clk 0:01:14]} 36. Kg2 {[%clk 0:02:33]} Be3 {[%clk 0:01:02]} 37. Kf3
{[%clk 0:02:46]} Bg1 {[%clk 0:01:17]} 38. Kg2 {[%clk 0:00:41]} 1/2-1/2

[Event "40th Individual Greek Women's Championship"]
[Site "?"]
[Date "2018.01.06"]
[Round "5.2"]
[White "Makka, Ioulia"]
[Black "Drakaki, Anna-Maria"]
[Result "1-0"]
[BlackElo "1900"]
[WhiteElo "2167"]
[LiveChessVersion "1.4.8"]

1. e4 {[%clk 1:30:38]} c6 {[%clk 1:30:38]} 2. d4 {[%clk 1:30:23]} d5
{[%clk 1:31:03]} 3. e5 {[%clk 1:30:35]} c5 {[%clk 1:31:23]} 4. dxc5
{[%clk 1:30:43]} Nc6 {[%clk 1:31:30]} 5. Nf3 {[%clk 1:30:27]} Bg4
{[%clk 1:31:41]} 6. c3 {[%clk 1:25:44]} e6 {[%clk 1:29:38]} 7. Be3
{[%clk 1:17:29]} Nge7 {[%clk 1:23:20]} 8. Bd4 {[%clk 1:08:36]} Nf5
{[%clk 1:12:02]} 9. Bb5 {[%clk 1:03:16]} Qc7 {[%clk 1:10:12]} 10. Nbd2
{[%clk 0:56:03]} Nh4 {[%clk 0:54:05]} 11. O-O {[%clk 0:52:07]} Be7
{[%clk 0:54:06]} 12. h3 {[%clk 0:48:59]} Bh5 {[%clk 0:49:01]} 13. g4
{[%clk 0:37:01]} Nxf3+ {[%clk 0:45:14]} 14. Qxf3 {[%clk 0:37:08]} Bg6
{[%clk 0:45:40]} 15. Qe3 {[%clk 0:36:54]} h5 {[%clk 0:41:44]} 16. g5
{[%clk 0:36:11]} h4 {[%clk 0:39:32]} 17. f4 {[%clk 0:31:49]} Bf5 {[%clk 0:36:42]}
18. Rf2 {[%clk 0:29:21]} O-O-O {[%clk 0:31:48]} 19. Bxc6 {[%clk 0:27:45]} Qxc6
{[%clk 0:32:11]} 20. b4 {[%clk 0:25:05]} f6 {[%clk 0:22:36]} 21. a4
{[%clk 0:21:39]} fxg5 {[%clk 0:21:59]} 22. fxg5 {[%clk 0:21:59]} Rh5
{[%clk 0:21:15]} 23. Rg2 {[%clk 0:21:05]} Qe8 {[%clk 0:17:46]} 24. Kh2
{[%clk 0:20:58]} Qg6 {[%clk 0:14:10]} 25. Rag1 {[%clk 0:21:04]} Bc2
{[%clk 0:10:59]} 26. a5 {[%clk 0:09:02]} Ba4 {[%clk 0:05:35]} 27. Nf3
{[%clk 0:06:48]} Rf8 {[%clk 0:05:57]} 28. Rg4 {[%clk 0:05:11]} Qc2+
{[%clk 0:02:20]} 29. R1g2 {[%clk 0:05:24]} Qd1 {[%clk 0:02:46]} 30. Rf4
{[%clk 0:04:51]} Be8 {[%clk 0:01:04]} 31. Rxf8 {[%clk 0:04:13]} Bxf8 32. Qf4
{[%clk 0:03:51]} Rh8 {[%clk 0:00:56]} 33. Qg4 {[%clk 0:01:23]} Kd7
{[%clk 0:00:54]} 34. Nxh4 {[%clk 0:01:14]} Qd3 {[%clk 0:01:03]} 35. Rg3
{[%clk 0:01:06]} Qc2+ {[%clk 0:01:14]} 36. Ng2 {[%clk 0:01:01]} Bh5
{[%clk 0:01:32]} 37. Qf4 {[%clk 0:01:13]} Be7 {[%clk 0:01:51]} 38. Qf1
{[%clk 0:00:40]} Be2 {[%clk 0:01:44]} 39. Qe1 {[%clk 0:00:40]} Rf8
{[%clk 0:01:36]} 40. Ne3 {[%clk 0:30:41]} Qd3 {[%clk 0:31:06]} 41. Nxd5
{[%clk 0:16:57]} Qe4 {[%clk 0:28:05]} 42. Ne3 {[%clk 0:10:10]} Bf3
{[%clk 0:26:41]} 43. Qd2 {[%clk 0:08:22]} Kc7 {[%clk 0:16:05]} 44. Ng2
{[%clk 0:07:15]} Rf5 {[%clk 0:14:28]} 45. Qe3 {[%clk 0:06:38]} Bxg2
{[%clk 0:13:08]} 46. Rxg2 {[%clk 0:06:45]} Qh4 {[%clk 0:13:16]} 47. Qg3
{[%clk 0:05:14]} Qe4 {[%clk 0:13:14]} 48. Qg4 {[%clk 0:04:51]} Qe1
{[%clk 0:12:02]} 49. Qe2 {[%clk 0:05:03]} Qh4 {[%clk 0:09:43]} 50. Qg4
{[%clk 0:04:51]} Qe1 {[%clk 0:10:07]} 51. Qg3 {[%clk 0:03:42]} Qe4
{[%clk 0:10:00]} 52. Qe3 {[%clk 0:02:59]} Qh4 {[%clk 0:10:03]} 53. Qg3
{[%clk 0:01:33]} Qe4 {[%clk 0:10:28]} 54. Qe3 {[%clk 0:00:59]} Qh4
{[%clk 0:10:30]} 55. Rg4 {[%clk 0:00:59]} Qh5 {[%clk 0:10:31]} 56. g6
{[%clk 0:01:03]} Bg5 {[%clk 0:10:42]} 57. Qe4 {[%clk 0:00:43]} Qxg6
{[%clk 0:08:54]} 58. Be3 {[%clk 0:00:38]} Qh5 {[%clk 0:07:23]} 59. Bxg5
{[%clk 0:00:55]} Rxg5 {[%clk 0:07:45]} 60. Rxg5 {[%clk 0:00:43]} Qxg5
{[%clk 0:08:11]} 61. Qd4 {[%clk 0:00:49]} Qf5 {[%clk 0:08:22]} 62. h4
{[%clk 0:00:45]} g6 {[%clk 0:07:08]} 63. Kg3 {[%clk 0:00:57]} Kc8
{[%clk 0:06:03]} 64. Qf4 {[%clk 0:01:03]} Qd3+ {[%clk 0:05:41]} 65. Qf3
{[%clk 0:01:25]} Qd2 {[%clk 0:05:58]} 66. Qf8+ {[%clk 0:01:26]} 1-0

[Event "40th Individual Greek Women's Championship"]
[Site "?"]
[Date "2018.01.06"]
[Round "5.3"]
[White "Nikolaidou, Eleni"]
[Black "Markantonaki, Haritomeni"]
[Result "0-1"]
[BlackElo "2190"]
[WhiteElo "1734"]
[LiveChessVersion "1.4.8"]

1. e4 {[%clk 1:30:52]} c5 {[%clk 1:30:52]} 2. Nf3 {[%clk 1:31:16]} Nc6
{[%clk 1:31:14]} 3. c3 {[%clk 1:31:39]} Nf6 {[%clk 1:31:23]} 4. e5
{[%clk 1:31:47]} Nd5 {[%clk 1:31:42]} 5. Bc4 {[%clk 1:31:47]} Nb6
{[%clk 1:31:48]} 6. Bb3 {[%clk 1:32:10]} c4 {[%clk 1:31:59]} 7. Bc2
{[%clk 1:32:34]} d6 {[%clk 1:32:10]} 8. exd6 {[%clk 1:31:52]} e5 {[%clk 1:32:13]}
9. Qe2 {[%clk 1:27:50]} Bxd6 {[%clk 1:31:00]} 10. b3 {[%clk 1:24:16]} Be6
{[%clk 1:26:12]} 11. Na3 {[%clk 1:19:18]} cxb3 {[%clk 1:24:12]} 12. axb3
{[%clk 1:19:39]} a6 {[%clk 1:16:48]} 13. O-O {[%clk 0:48:03]} h6 {[%clk 1:06:22]}
14. d4 {[%clk 0:36:36]} exd4 {[%clk 1:01:46]} 15. Nxd4 {[%clk 0:35:09]} Nxd4
{[%clk 0:59:52]} 16. cxd4 {[%clk 0:35:32]} Qe7 {[%clk 0:49:36]} 17. Bd3
{[%clk 0:20:11]} Rc8 {[%clk 0:46:43]} 18. Nc4 {[%clk 0:12:38]} Bxc4
{[%clk 0:41:35]} 19. Qxe7+ {[%clk 0:11:45]} Kxe7 {[%clk 0:40:50]} 20. bxc4
{[%clk 0:11:12]} Nxc4 {[%clk 0:41:01]} 21. Re1+ {[%clk 0:10:17]} Kf6
{[%clk 0:40:20]} 22. h4 {[%clk 0:09:16]} g5 {[%clk 0:34:49]} 23. hxg5+
{[%clk 0:09:29]} hxg5 {[%clk 0:35:12]} 24. g3 {[%clk 0:08:55]} Bb4
{[%clk 0:31:23]} 25. Re2 {[%clk 0:07:00]} Bc3 {[%clk 0:28:45]} 26. Ra4
{[%clk 0:06:03]} Nb6 {[%clk 0:25:36]} 27. Raa2 {[%clk 0:02:56]} Bxd4
{[%clk 0:20:04]} 28. Ba3 {[%clk 0:02:27]} Nd5 {[%clk 0:19:11]} 29. Rac2
{[%clk 0:02:18]} b5 {[%clk 0:18:06]} 30. Rxc8 {[%clk 0:01:17]} Rxc8
{[%clk 0:18:33]} 31. Kg2 {[%clk 0:00:54]} Rc7 {[%clk 0:15:50]} 32. Bd6
{[%clk 0:01:11]} Rc6 {[%clk 0:15:21]} 33. Bf8 {[%clk 0:00:53]} Rb6
{[%clk 0:14:06]} 34. Rd2 {[%clk 0:00:52]} Rb8 {[%clk 0:12:54]} 35. Bd6
{[%clk 0:01:01]} Rd8 {[%clk 0:12:43]} 36. Ba3 {[%clk 0:01:06]} Be5
{[%clk 0:10:03]} 37. Bc1 {[%clk 0:00:55]} Nb4 {[%clk 0:08:23]} 38. Bxb5
{[%clk 0:00:39]} Rc8 {[%clk 0:06:14]} 39. Ba3 {[%clk 0:00:35]} axb5
{[%clk 0:05:00]} 40. Bxb4 {[%clk 0:30:59]} Rc4 {[%clk 0:35:14]} 41. Ba5
{[%clk 0:29:53]} b4 {[%clk 0:31:22]} 42. Bd8+ {[%clk 0:30:09]} Kf5
{[%clk 0:29:22]} 43. Rd7 {[%clk 0:25:08]} f6 {[%clk 0:29:01]} 44. Rb7
{[%clk 0:24:55]} Ke4 {[%clk 0:26:25]} 45. Be7 {[%clk 0:18:53]} Bc3
{[%clk 0:26:20]} 46. Rb6 {[%clk 0:18:27]} Kd3 {[%clk 0:24:11]} 47. Kf3
{[%clk 0:08:55]} Kc2 {[%clk 0:22:43]} 48. Bxf6 {[%clk 0:01:51]} Bxf6
{[%clk 0:22:42]} 49. Rxf6 {[%clk 0:02:17]} b3 {[%clk 0:21:51]} 50. Re6
{[%clk 0:01:03]} g4+ {[%clk 0:20:05]} 51. Ke3 {[%clk 0:00:44]} b2
{[%clk 0:20:29]} 0-1

[Event "40th Individual Greek Women's Championship"]
[Site "?"]
[Date "2018.01.06"]
[Round "5.4"]
[White "Pavlidou, Ekaterini"]
[Black "Louka, Magdalini"]
[Result "1-0"]
[BlackElo "1792"]
[WhiteElo "2196"]
[LiveChessVersion "1.4.8"]

1. d4 {[%clk 1:30:27]} d5 {[%clk 1:30:53]} 2. c4 {[%clk 1:30:13]} e6
{[%clk 1:30:42]} 3. Nf3 {[%clk 1:30:18]} c6 {[%clk 1:30:41]} 4. Nbd2
{[%clk 1:30:13]} Nf6 {[%clk 1:30:18]} 5. g3 {[%clk 1:30:03]} Be7 6. Bg2
{[%clk 1:30:19]} O-O {[%clk 1:29:56]} 7. O-O {[%clk 1:30:02]} b6 {[%clk 1:29:52]}
8. b3 {[%clk 1:26:15]} Bb7 {[%clk 1:25:08]} 9. Bb2 {[%clk 1:22:31]} Na6
{[%clk 1:14:29]} 10. a3 {[%clk 1:19:30]} c5 {[%clk 1:08:37]} 11. e3
{[%clk 1:19:29]} Nc7 {[%clk 1:07:14]} 12. Rc1 {[%clk 1:16:17]} a5
{[%clk 1:05:25]} 13. a4 {[%clk 1:10:54]} Na6 {[%clk 1:00:11]} 14. Qe2
{[%clk 1:03:39]} Qb8 {[%clk 0:44:07]} 15. Ne5 {[%clk 1:00:25]} Rd8
{[%clk 0:43:20]} 16. f4 {[%clk 0:51:56]} Nb4 {[%clk 0:40:23]} 17. f5
{[%clk 0:47:40]} exf5 {[%clk 0:33:35]} 18. Rxf5 {[%clk 0:47:28]} Bc8
{[%clk 0:33:05]} 19. Rf4 {[%clk 0:45:14]} Be6 {[%clk 0:31:45]} 20. Rcf1
{[%clk 0:41:51]} Qc7 {[%clk 0:30:58]} 21. e4 {[%clk 0:35:21]} dxe4
{[%clk 0:20:28]} 22. d5 {[%clk 0:35:28]} Bd6 {[%clk 0:19:06]} 23. Nxe4
{[%clk 0:29:12]} Bxe5 {[%clk 0:17:16]} 24. Bxe5 {[%clk 0:21:37]} Qxe5
{[%clk 0:17:36]} 25. Nxf6+ {[%clk 0:21:15]} gxf6 {[%clk 0:17:49]} 26. Re4
{[%clk 0:21:43]} Qc3 {[%clk 0:13:23]} 27. dxe6 {[%clk 0:22:04]} Ra7
{[%clk 0:12:41]} 28. e7 {[%clk 0:20:25]} Re8 {[%clk 0:13:05]} 29. Rd1
{[%clk 0:20:26]} 1-0

[Event "40th Individual Greek Women's Championship"]
[Site "?"]
[Date "2018.01.06"]
[Round "5.5"]
[White "Makka, Evanthia"]
[Black "Vozinaki, Anthi - Maria"]
[Result "1-0"]
[BlackElo "1964"]
[WhiteElo "2092"]
[LiveChessVersion "1.4.8"]

1. Nf3 {[%clk 1:29:30]} Nf6 {[%clk 1:30:13]} 2. g3 {[%clk 1:29:50]} c5
{[%clk 1:30:17]} 3. Bg2 {[%clk 1:30:07]} Nc6 {[%clk 1:30:37]} 4. O-O
{[%clk 1:29:38]} g6 {[%clk 1:25:32]} 5. c4 {[%clk 1:28:49]} d5 {[%clk 1:24:48]}
6. cxd5 {[%clk 1:19:57]} Nxd5 {[%clk 1:25:02]} 7. d4 {[%clk 1:17:33]} cxd4
{[%clk 1:11:55]} 8. Nxd4 {[%clk 1:17:05]} Bg7 {[%clk 1:09:25]} 9. Nb5
{[%clk 1:12:01]} Nc7 {[%clk 1:03:28]} 10. Qxd8+ {[%clk 1:08:56]} Kxd8
{[%clk 1:03:51]} 11. Rd1+ {[%clk 1:04:41]} Bd7 {[%clk 1:04:05]} 12. N1c3
{[%clk 1:04:31]} Nxb5 {[%clk 0:55:29]} 13. Nxb5 {[%clk 1:04:48]} Rc8
{[%clk 0:48:13]} 14. Bh3 {[%clk 0:57:55]} f5 {[%clk 0:46:35]} 15. Be3
{[%clk 0:52:37]} Ke8 {[%clk 0:42:07]} 16. Nxa7 {[%clk 0:48:51]} Nxa7
{[%clk 0:40:51]} 17. Bxa7 {[%clk 0:49:13]} Bxb2 {[%clk 0:33:58]} 18. Rab1
{[%clk 0:49:30]} Rc2 {[%clk 0:34:02]} 19. Rxb2 {[%clk 0:48:30]} Rxb2
{[%clk 0:34:25]} 20. Bd4 {[%clk 0:48:54]} Rxe2 {[%clk 0:29:03]} 21. Bxh8
{[%clk 0:49:16]} Rxa2 {[%clk 0:29:22]} 22. Bf1 {[%clk 0:49:01]} Bc6
{[%clk 0:24:52]} 23. Bc4 {[%clk 0:48:24]} Rc2 {[%clk 0:24:27]} 24. Bd5
{[%clk 0:48:04]} Bxd5 {[%clk 0:22:34]} 25. Rxd5 {[%clk 0:48:25]} Kf7
{[%clk 0:19:56]} 26. Rd7 {[%clk 0:44:43]} b5 {[%clk 0:18:03]} 27. Kg2
{[%clk 0:43:30]} Rc5 {[%clk 0:11:00]} 28. Bd4 {[%clk 0:41:56]} Rc4
{[%clk 0:10:44]} 29. Be3 {[%clk 0:42:19]} Re4 {[%clk 0:08:37]} 30. Bf4
{[%clk 0:40:45]} Kf6 {[%clk 0:06:08]} 31. Rb7 {[%clk 0:40:57]} g5
{[%clk 0:03:24]} 32. Be3 {[%clk 0:40:54]} f4 {[%clk 0:03:15]} 33. Bc5
{[%clk 0:38:49]} fxg3 {[%clk 0:03:15]} 34. hxg3 {[%clk 0:38:50]} h5
{[%clk 0:02:56]} 35. Rxb5 {[%clk 0:38:37]} h4 {[%clk 0:02:12]} 36. Rb4
{[%clk 0:38:57]} Re1 {[%clk 0:01:14]} 37. gxh4 {[%clk 0:39:08]} gxh4
{[%clk 0:01:34]} 38. Rxh4 {[%clk 0:39:33]} e6 {[%clk 0:01:32]} 39. Be3
{[%clk 0:39:16]} Rb1 {[%clk 0:01:37]} 40. Rh6+ {[%clk 1:09:08]} Kf5
{[%clk 0:31:48]} 41. Kf3 {[%clk 1:06:39]} Rb4 {[%clk 0:30:38]} 42. Rh5+
{[%clk 1:06:27]} Kf6 {[%clk 0:30:26]} 43. Bf4 {[%clk 1:06:05]} Rb1
{[%clk 0:28:31]} 44. Kg4 {[%clk 1:05:42]} Rg1+ {[%clk 0:28:30]} 45. Bg3
{[%clk 1:06:03]} Kg6 {[%clk 0:28:27]} 46. Re5 {[%clk 1:05:52]} Kf6
{[%clk 0:28:37]} 47. Re4 {[%clk 1:05:33]} Rb1 {[%clk 0:26:20]} 48. Bh4+
{[%clk 1:05:46]} Kf7 {[%clk 0:26:44]} 49. Kg5 {[%clk 1:05:07]} Rb5+
{[%clk 0:23:40]} 50. Kh6 {[%clk 1:03:10]} Rf5 {[%clk 0:22:47]} 51. Rd4
{[%clk 1:01:28]} e5 {[%clk 0:21:14]} 52. Re4 {[%clk 1:00:09]} Ke6
{[%clk 0:19:22]} 53. Bg3 {[%clk 0:59:59]} Rf6+ {[%clk 0:17:39]} 54. Kg5
{[%clk 1:00:21]} Rf5+ {[%clk 0:18:02]} 55. Kg4 {[%clk 1:00:44]} Kf6
{[%clk 0:18:14]} 56. Bxe5+ {[%clk 1:00:53]} 1-0

[Event "40th Individual Greek Women's Championship"]
[Site "?"]
[Date "2018.01.07"]
[Round "6.1"]
[White "Skaraki, Antigoni"]
[Black "Vozinaki, Anthi - Maria"]
[Result "1-0"]
[BlackElo "1964"]
[WhiteElo "2013"]
[LiveChessVersion "1.4.8"]

1. e4 {[%clk 1:30:57]} c5 {[%clk 1:30:55]} 2. Nf3 {[%clk 1:31:21]} e6
{[%clk 1:31:19]} 3. b3 {[%clk 1:31:45]} a6 {[%clk 1:31:05]} 4. Bb2
{[%clk 1:31:58]} Nc6 {[%clk 1:30:26]} 5. Nc3 {[%clk 1:27:58]} Nf6
{[%clk 1:27:05]} 6. e5 {[%clk 1:18:37]} Ng4 {[%clk 1:19:03]} 7. Ne4
{[%clk 1:18:46]} Nh6 {[%clk 1:16:09]} 8. Nd6+ {[%clk 1:02:08]} Bxd6
{[%clk 1:16:29]} 9. exd6 {[%clk 1:02:37]} Nf5 {[%clk 1:05:47]} 10. Bd3
{[%clk 1:01:59]} O-O {[%clk 0:57:00]} 11. h4 {[%clk 0:51:40]} Ncd4
{[%clk 0:45:18]} 12. Nxd4 {[%clk 0:45:17]} cxd4 {[%clk 0:43:48]} 13. Bxf5
{[%clk 0:35:59]} exf5 {[%clk 0:44:12]} 14. Bxd4 {[%clk 0:36:14]} Re8+
{[%clk 0:41:57]} 15. Kf1 {[%clk 0:36:43]} Re4 {[%clk 0:37:41]} 16. c3
{[%clk 0:34:03]} Rxh4 {[%clk 0:24:33]} 17. Rxh4 {[%clk 0:34:28]} Qxh4
{[%clk 0:24:58]} 18. Qf3 {[%clk 0:30:50]} Qh1+ {[%clk 0:16:49]} 19. Ke2
{[%clk 0:31:15]} Qh6 {[%clk 0:16:48]} 20. Re1 {[%clk 0:27:27]} Qxd6
{[%clk 0:15:18]} 21. Kd1 {[%clk 0:27:39]} f6 {[%clk 0:15:10]} 22. Re8+
{[%clk 0:26:05]} Kf7 {[%clk 0:15:31]} 23. Rh8 {[%clk 0:26:24]} Qc6
{[%clk 0:12:00]} 24. Qh5+ {[%clk 0:23:12]} Ke7 {[%clk 0:09:57]} 25. Re8+
{[%clk 0:22:33]} Kd6 {[%clk 0:10:18]} 26. Qh2+ {[%clk 0:20:52]} Kd5
{[%clk 0:10:25]} 27. Qf4 {[%clk 0:18:41]} b5 {[%clk 0:09:13]} 28. d3
{[%clk 0:18:54]} Qb7 {[%clk 0:07:05]} 29. Qxf5+ {[%clk 0:18:09]} 1-0

[Event "40th Individual Greek Women's Championship"]
[Site "?"]
[Date "2018.01.07"]
[Round "6.2"]
[White "Louka, Magdalini"]
[Black "Makka, Evanthia"]
[Result "0-1"]
[BlackElo "2092"]
[WhiteElo "1792"]
[LiveChessVersion "1.4.8"]

1. e4 {[%clk 1:30:57]} c6 {[%clk 1:30:54]} 2. d4 {[%clk 1:31:20]} d5
{[%clk 1:31:19]} 3. exd5 {[%clk 1:31:32]} cxd5 {[%clk 1:31:42]} 4. Bd3
{[%clk 1:31:52]} Nc6 {[%clk 1:32:06]} 5. c3 {[%clk 1:32:12]} Qc7 {[%clk 1:32:03]}
6. h3 {[%clk 1:32:25]} g6 {[%clk 1:31:56]} 7. Nf3 {[%clk 1:32:33]} Bf5
{[%clk 1:32:12]} 8. Bxf5 {[%clk 1:29:51]} gxf5 {[%clk 1:32:34]} 9. O-O
{[%clk 1:29:42]} e6 {[%clk 1:32:25]} 10. Re1 {[%clk 1:26:33]} Nf6
{[%clk 1:28:43]} 11. Nbd2 {[%clk 1:15:39]} Ne4 {[%clk 1:23:18]} 12. c4
{[%clk 1:06:16]} Rg8 {[%clk 1:08:29]} 13. Qe2 {[%clk 0:55:20]} O-O-O
{[%clk 1:02:52]} 14. cxd5 {[%clk 0:50:45]} exd5 {[%clk 1:02:15]} 15. Nb3
{[%clk 0:49:42]} Bd6 {[%clk 1:00:52]} 16. Be3 {[%clk 0:47:17]} f4
{[%clk 0:47:40]} 17. Bd2 {[%clk 0:45:41]} Qd7 {[%clk 0:47:51]} 18. Kh1
{[%clk 0:44:29]} Rxg2 {[%clk 0:46:54]} 19. Kxg2 {[%clk 0:44:05]} Rg8+
{[%clk 0:47:10]} 20. Kh2 {[%clk 0:38:47]} Ng5 {[%clk 0:47:25]} 21. Qe8+
{[%clk 0:35:23]} Rxe8 {[%clk 0:47:34]} 22. Rxe8+ {[%clk 0:35:45]} Qxe8
{[%clk 0:47:04]} 23. Nxg5 {[%clk 0:35:52]} f3+ {[%clk 0:45:28]} 24. Kh1
{[%clk 0:35:58]} Qe2 {[%clk 0:45:42]} 25. Be3 {[%clk 0:35:36]} f6
{[%clk 0:44:50]} 26. Ne6 {[%clk 0:33:01]} Qd3 {[%clk 0:40:09]} 0-1